Normal view MARC view

Entry Personal Name

Number of records used in: 6

001 - CONTROL NUMBER

  • control field: 64260

003 - CONTROL NUMBER IDENTIFIER

  • control field: dpl

005 - DATE AND TIME OF LATEST TRANSACTION

  • control field: 20240403115433.0

008 - FIXED-LENGTH DATA ELEMENTS

  • fixed length control field: 240403|| aca||aabn | a|a d

040 ## - CATALOGING SOURCE

  • Original cataloging agency: dpl
  • Transcribing agency: dpl

100 ## - HEADING--PERSONAL NAME

  • Personal name: Reddy, K. Srinivas

670 ## - SOURCE DATA FOUND

  • Source citation: Work cat.: (dpl)201914: Venkatachary, P. 64259, Early Childhood Care And EducationN/, 2018

© Delhi Public Library
Hit Counter
free hit counter